[Event "Bern op"]
[Site "Bern"]
[Date "1994.??.??"]
[Round "7"]
[White "Kohlweyer, Bernd"]
[Black "Gausel, Einar"]
[Result "0-1"]
[WhiteElo "2450"]
[BlackElo "2485"]
[Annotator "Ambroz,J"]
[PlyCount "57"]
[EventDate "1994.02.??"]
[EventType "swiss"]
[EventRounds "9"]
[EventCountry "SUI"]
[SourceTitle "CBM 039"]
[Source "ChessBase"]
[SourceDate "1994.04.01"]
[SourceVersion "1"]
[SourceVersionDate "1994.04.01"]
[SourceQuality "1"]

1. d4 Nf6 2. Nf3 e6 3. g3 b6 4. Bg2 Bb7 5. c4 Bb4+ 6. Bd2 c5 7. O-O (7. d5 exd5
8. Bxb4 cxb4 9. Nh4 Qc7 10. cxd5 Qe5 $1 11. Nd2 Bxd5 {Hommeles-Blees,A, NLD
1987}) 7... O-O 8. Bxb4 (8. Bf4 cxd4 9. Nxd4 Bxg2 10. Kxg2 Nc6) 8... cxb4 9. a3
(9. Nbd2 d6 10. Ne1 $5 (10. Re1 {/\ e2-e4}) 10... Bxg2 11. Kxg2 Nc6 12. e3 e5
13. Qa4 Qd7 14. d5 Ne7 15. Qxb4 $16 {Karpov,A-Short,N, Brussel (Blitz) 1987})
9... bxa3 (9... Qe7 10. Qa4 bxa3 11. Nxa3 d6 12. Rfe1 Nc6 13. e4 e5 14. d5 Nb8
15. Nb5 $14 {Alexandria,A-Jackson,Sh., Luzern-ol 1982}) 10. b4 $5 (10. Rxa3 d5
11. Ne5 Qe7 12. cxd5 Nxd5 13. Nc3 Nxc3 14. Rxc3 Bxg2 15. Kxg2 Qb7+ $10 {
Kallai,G-Andersson,U, France 1993}) 10... Nc6 $1 (10... a5 11. b5 d6 (11... d5
12. c5) 12. Nc3 $5 Nbd7 (12... Qc7 13. Na4 $1) 13. Na4 Rc8 (13... e5 $5 14. e3
$1) 14. Qb3 $14) 11. b5 (11. Qb3 Qe7 $1 (11... a5 12. b5 Nb4 (12... a4 13. Qxa3
) 13. Nxa3) 12. Nxa3 Qxb4 (12... Nxb4 13. c5) 13. Qxb4 Nxb4 14. Rfb1 a5 (14...
Nc6 15. Nb5 Ne4 16. d5 $44) 15. Nb5 Be4 $15) 11... Na5 12. Nxa3 d6 13. Qa4 Rc8
14. Rfc1 (14. Rac1) (14. Rfd1) 14... Qe7 15. Nd2 Bxg2 16. Kxg2 e5 (16... Qb7+
$5 17. Kg1 (17. f3 e5) 17... Ne4) 17. Nc2 $1 {/\ Nb4-c6} d5 {[#]} 18. dxe5 $1 (
18. cxd5 Nxd5 19. dxe5 Nc3 20. Qg4 Nxb5 $15) 18... Qxe5 19. Nf3 Qxe2 20. Ncd4
Qe4 21. c5 (21. Re1 Rxc4 $1) (21. cxd5 Rxc1 22. Rxc1 Nxd5) (21. Nc6 Nxc6 22.
bxc6 d4 $1 23. Re1 Qxc6) 21... Rxc5 22. Rxc5 (22. Re1 Rc4) 22... bxc5 23. Qxa5
cxd4 24. Qxa7 (24. Re1 Qd3 25. Re7) 24... d3 25. Ra4 $138 (25. b6 $1 $13 Qb4
26. b7 h6 (26... Nd7 $5) 27. Qa8 $1 Re8 28. Qc8 $1) 25... Qe2 26. Qa5 (26. Ra2
d2 27. Rxd2 Qxb5 $15) 26... Ne4 27. Ra2 d2 28. Rxd2 Nxd2 29. Nxd2 $138 0-1

[Event "Linares 09th"]
[Site "Linares"]
[Date "1991.??.??"]
[Round "1"]
[White "Gelfand, Boris"]
[Black "Timman, Jan H"]
[Result "1/2-1/2"]
[WhiteElo "2700"]
[BlackElo "2630"]
[Annotator "Anand,V"]
[PlyCount "43"]
[EventDate "1991.02.??"]
[EventType "tourn"]
[EventRounds "13"]
[EventCountry "ESP"]
[EventCategory "17"]
[SourceTitle "CBM 022"]
[Source "ChessBase"]
[SourceDate "1991.06.01"]
[SourceVersion "1"]
[SourceVersionDate "1991.06.01"]
[SourceQuality "1"]

1. d4 Nf6 2. c4 e6 3. g3 d5 4. Bg2 Bb4+ 5. Nd2 O-O 6. Ngf3 b6 7. O-O Bb7 8.
cxd5 exd5 9. Ne5 Nbd7 10. Ndf3 Nxe5 11. Nxe5 Bd6 12. Bf4 c5 13. Nd3 c4 14. Bxd6
Qxd6 15. Ne5 Rac8 16. Qa4 Rc7 17. Rfc1 Nd7 18. Nxd7 Bc6 19. Qa6 Rxd7 (19...
Bxd7 $5 20. b3 c3) 20. b3 Bb7 21. Qa4 Bc6 22. Qa6 1/2-1/2

[Event "Filippo Vetro Memorial"]
[Site "Agrigento"]
[Date "2014.08.07"]
[Round "3"]
[White "Horvath, Csaba"]
[Black "Atalik, Suat"]
[Result "1-0"]
[WhiteElo "2540"]
[BlackElo "2547"]
[Annotator "Atalik,S"]
[PlyCount "63"]
[EventDate "2014.08.06"]
[EventType "swiss"]
[EventRounds "7"]
[EventCountry "ITA"]
[SourceTitle "CBM 163"]
[Source "ChessBase"]
[SourceDate "2014.11.11"]
[SourceVersion "1"]
[SourceVersionDate "2014.11.11"]
[SourceQuality "1"]

1. d4 Nf6 2. c4 e6 3. Nf3 b6 4. g3 Bb4+ 5. Nbd2 $5 {I always have a low
opinion on this move which deprives the knight from its natural square c3.
This game did not change it.} Bb7 6. Bg2 O-O 7. O-O d5 $1 8. a3 $5 {This move
had a surprise value on me.} (8. Ne5 Re8) 8... Bxd2 $6 {A bad choice for this
type of position.} (8... Be7 9. b4 c5 10. bxc5 bxc5 11. Rb1 Qc8 12. dxc5 Nbd7
$132 {Lputian-Yudasin, Philadelphia 1994.}) 9. Nxd2 (9. Bxd2 $6 dxc4) 9... a5
$5 (9... Qc8 10. cxd5 Bxd5 11. e4 Bb7 12. b4 $16) 10. b3 Ra7 $146 11. cxd5 (11.
Bb2 $142 dxc4 12. Bxb7 Rxb7 (12... c3 13. Bxc3 Rxb7) 13. Nxc4 $16) 11... exd5 (
11... Bxd5 12. e4 Ba8 13. Bb2 c5 14. dxc5 Rd7 15. Bxf6 Qxf6 16. cxb6 Qd8 17.
Ra2 $16) 12. Bb2 {The problem is White has potential to try f3-e4.} Re8 (12...
Ne4 13. Nf3 Nd7 $14) (12... Nbd7 13. Rc1 c5 $14) 13. Nf3 Nbd7 (13... Ne4 14.
Ne5 f6 15. Nd3 $14) 14. Rc1 c5 15. e3 Ne4 (15... Ba6 16. Re1 Rc7 17. dxc5 Rxc5
$14) 16. dxc5 Ndxc5 $2 {A simply bad move, but it is incredible how my
position collapsed after this.} ({I had to go for the hanging pawns with} 16...
bxc5 17. Nd4 Ra6 18. Nf5 Rg6 $14) 17. Nd4 (17. b4 axb4 18. axb4 Ne6 19. Nd4
Nxd4 20. Qxd4 f6 21. Ra1 $16) 17... Qd7 18. b4 axb4 19. axb4 Na4 (19... Ne6 20.
Nxe6 Qxe6 21. Qd4 f6 22. Rc7 Re7 23. Rxe7 Qxe7 24. Qxb6 $18) 20. Ba1 Raa8 $2 (
20... Ba6 21. Re1 (21. b5 Bxb5 22. Nxb5 Qxb5 23. Qg4 f6 24. Bxe4 dxe4 25. Bxf6
Nc5 $14) 21... Bc4 22. Qh5 $16) 21. Qh5 g6 {Even the computer shows this move
which weakens Black's position beyond repair. That is a very bad sign!} (21...
Nf6 22. Qg5 h6 23. Qf4 Bc8 24. Rfd1 $18) 22. Qh6 f5 23. Bxe4 $6 (23. h4 Qf7 24.
h5 $18 {looked crushing.}) 23... fxe4 (23... Rxe4 24. h4 Qf7 25. h5 $18) 24.
Nb5 $5 (24. f3) ({or} 24. f4 {were also impossible to defend after.}) 24...
Rac8 25. Nd6 Rxc1 26. Nxe8 $5 (26. Rxc1 Rf8 27. h4 $18) 26... Rxf1+ 27. Kxf1
Kf7 28. Nf6 Qb5+ 29. Kg2 Ba6 30. Qxh7+ Ke6 31. Qg8+ Kd6 (31... Kf5 32. g4+ Kg5
33. Kg3 {checkmates.}) (31... Ke7 32. Nxd5+ Kd7 33. Nf6+ Kc6 34. Qe8+ $18) 32.
Ne8+ 1-0

[Event "Izmir op 5th"]
[Site "Izmir"]
[Date "2006.09.13"]
[Round "4"]
[White "Vasilev, Milen"]
[Black "Atalik, Suat"]
[Result "1-0"]
[WhiteElo "2429"]
[BlackElo "2619"]
[Annotator "Atalik,S"]
[PlyCount "121"]
[EventDate "2006.09.10"]
[EventType "swiss"]
[EventRounds "10"]
[EventCountry "TUR"]
[SourceTitle "EXT 2007"]
[Source "ChessBase"]
[SourceDate "2006.11.23"]
[SourceVersion "1"]
[SourceVersionDate "2006.11.23"]
[SourceQuality "1"]

1. d4 Nf6 2. c4 e6 3. Nf3 b6 4. g3 Bb7 5. Bg2 Bb4+ 6. Bd2 a5 7. O-O O-O {
This line started to cause me problems. What could be the reason for this? It
is not a punch to punch line so it Black needs sophisticated play to overtake
the initiative.} 8. a3 $6 (8. Nc3 d6 (8... Ne4 9. Rc1 Nxc3 10. Bxc3 Be4 11. d5
Na6 12. Qd4 Bxc3 13. Rxc3 Nc5 $13) 9. d5 e5 $13) (8. Qc2 Bxd2 9. Qxd2 d6) (8.
Bg5 Be7 9. Qc2 h6 10. Bxf6 Bxf6 11. Nc3 Nc6 12. Rad1 d5 13. cxd5 Nb4 14. Qb1
Nxd5 $13) (8. Bf4 Be7 9. Qc2 {After this move Black can choose among} (9. Nc3
Ne4 10. Qc2 (10. Rc1 Nxc3 11. Rxc3 d6 12. Qd3 Nc6 $5 $13 (12... f5 13. Qe3 Qd7
14. Bg5 (14. Ng5 Bxg2 15. Kxg2 Bxg5 16. Bxg5 h6 $132) 14... Bf6)) 10... Nxc3
11. Qxc3 d6 12. Qd3 Nc6 $5 $13) {V.L's} 9... c5 $1 {or A.E's} (9... d5 $5))
8... Bxd2 (8... Be7 9. Nc3 d5 10. cxd5 exd5 11. Bf4 Na6 $13) 9. Qxd2 d6 10. Nc3
Ne4 (10... Nbd7 $6 11. Qc2 c5 12. d5 exd5 13. Nh4 $14) 11. Nxe4 Bxe4 12. Qe3 (
12. Qf4 Bb7 13. e4 a4 $132) 12... Bb7 13. Qd3 Ra7 $1 {This is a nice move self
protecting against the positional threat of Ng5.} (13... f5 14. Ne1 Bxg2 15.
Nxg2 Qd7 16. Nf4 Nc6 17. d5 Nd8 $11) 14. d5 e5 15. b4 f5 $1 16. Qd2 {Bulgarian
played with his queen too much.} Bc8 (16... h6 17. c5 $1 {was his idea.}) 17.
Ng5 (17. c5 $6 axb4 18. axb4 Rxa1 19. Rxa1 e4 20. Ng5 dxc5 21. bxc5 h6 22. Nh3
bxc5) 17... Qf6 18. c5 axb4 (18... bxc5 $2 19. bxc5 Na6 20. cxd6 cxd6 21. Ne6
Bxe6 22. dxe6 $16) 19. axb4 (19. cxd6 Qxd6 (19... cxd6 20. axb4 Rxa1 21. Rxa1)
20. Qxb4 (20. axb4 Rxa1 21. Rxa1 h6 22. Nh3 Nc6 $1 $36) 20... Qf6 $1 $36) 19...
Rxa1 20. Rxa1 bxc5 21. bxc5 e4 $1 (21... h6 $6 22. Ne6 Bxe6 23. dxe6 e4 24. Qa2
d5 25. e7 Qxe7 26. Qxd5+ $14) (21... Na6 $6 22. c6 (22. Ne6 Bxe6 23. Rxa6 Bf7
$11) 22... h6 23. Ne6 Bxe6 24. Rxa6 $16) 22. Ra7 $5 (22. Ra8 h6 (22... Na6 23.
c6 Nc5 (23... h6 24. Nh3 Nc5 $13 (24... g5 $2 25. Qa5 f4 26. Rxc8 $18))) 23.
Rxb8 hxg5 24. cxd6 Qxd6 25. Qxg5 Qxd5 $11) 22... h6 23. Nh3 $2 {He could not
keep up perfectly with the pace of the game.} (23. Ne6 Bxe6 24. dxe6 Qxe6 25.
Rxc7 Na6 26. Rc6 Nxc5 27. Rxd6 $11) 23... Na6 $2 ({Missing the rather easy.} 
23... dxc5 24. Rxc7 Qd6 25. Ra7 Nc6 $17) 24. c6 $2 (24. cxd6 Qxd6 25. Nf4 {
holds.} Nb4 (25... g5 $6 26. Nh5 Qg6 27. g4 fxg4 28. Ng3 Qb6 29. Qe3 Qxe3 30.
fxe3 $16) (25... Qb6 26. Qe3 Qxe3 27. fxe3 $11) 26. Qc3 Nxd5 27. Nxd5 Qxd5 28.
Qxc7 Qf7 29. Qc5 Qf6 $11) 24... g5 $4 {I have forgotten that I did not need to
have g5 in to push f4.} (24... f4 $1 25. Nxf4 $1 (25. gxf4 $4 Qa1+ $19) (25.
Rxa6 $2 Bxa6 (25... e3 26. fxe3 fxe3 27. Qxe3 Bxa6 28. Bf3) 26. Bxe4 g5 $19)
25... g5 26. Bxe4 gxf4 27. Bf3 $44) 25. Qa5 $2 {He played this fast and bad.} (
25. f4 $1 Qa1+ (25... exf3 26. exf3 Re8 (26... Qa1+ 27. Bf1) 27. Bf1 $18) 26.
Bf1 Qb1 27. Qd4 g4 (27... Qc1 28. fxg5 hxg5 29. Ra8 $18) 28. Nf2 Qb4 29. e3
Qxd4 30. exd4 Nb4 31. Nd1 $18) 25... f4 $1 $11 {After a lot of adventures and
misadventures we ended up in a drawish position.} 26. g4 $4 {After a lot of
inhaling and exhaling the young Bulgarian decided to blunder.} ({I myself did
not no what to do after the natural} 26. Rxa6 $1 fxg3 27. hxg3 (27. fxg3 $4
Qd4+ $19) 27... Bxh3 28. Bxh3 Qxf2+ 29. Kh1 Qxg3 (29... g4 30. Bg2 Qxg3 31. Ra8
$1 $11) 30. Bg2 $11 {and soon or later Black is confined to give perpetual.})
26... f3 $2 {After a long thought I have preferred this to} ({the natural} 
26... h5 $1 27. Bxe4 (27. Rxa6 Bxa6 28. Qxa6 hxg4 29. Qa7 e3 $1 30. fxe3 fxe3
$19) (27. gxh5 g4 $19) (27. f3 Qd4+ $19) 27... hxg4 28. Nxg5 Qxg5 29. Rxa6 g3
$1 {I did not see this natural move in my calculations.} (29... Bxa6 30. Qxa6
g3 $17) (29... Qe7 30. Bg2 Bxa6 31. Qxa6 f3 32. Bf1 $17) 30. Ra8 Qh4 {mates.})
(26... Qb2 $4 27. Rxa6 Qxe2 28. Ra7 Qd1+ 29. Bf1 Qxg4+ 30. Kh1 $18) 27. exf3 (
27. Bf1 e3 $1 $19) 27... exf3 28. Bf1 Qd4 $1 $15 (28... Bxg4 $2 29. Rxa6 (29.
Qxa6 $2 Qf5 30. Qd3 Qxd3 31. Bxd3 Bxh3 32. Bf1 Bxf1 33. Kxf1 Rf5 34. Rxc7 Rxd5
35. Ke1 Rc5 $17) 29... Qf5 30. Qxc7 Bxh3 31. Qd7 Bxf1 32. Qxf5 Rxf5 33. Ra8+
Kf7 34. Ra7+ Ke8 35. Ra8+ Ke7 36. c7 Ba6 37. Rxa6 Kd7 38. Rxd6+ Kxc7 39. Rxh6
Rxd5 $11) 29. Rxa6 Qxg4+ 30. Kh1 Bxa6 31. Qxa6 Qd4 32. Qd3 {This looks forced}
({since} 32. Qb7 $2 g4 33. Qxc7 Qa1 $3 (33... Qd1 $2 34. Kg1 Qxd5 35. Nf4 Rxf4
36. Qd7 Rf8 37. c7 Qc5 38. Qe6+ Kg7 39. Qd7+ $11) 34. Kg1 Ra8 $3 {threatening
the queen sac.} 35. Qe7 $8 gxh3 36. Qe6+ (36. c7 Qg7+ 37. Qxg7+ Kxg7 38. Bxh3
Ra1+ 39. Bf1 Rc1 $19) 36... Kh7 37. Qxh3 Rg8+ 38. Kh1 Qb1 39. c7 Rg2 40. Qd7+
Rg7 41. Qb5 Qxb5 42. Bxb5 Rxc7 $19) 32... Qxd3 33. Bxd3 g4 34. Ng1 Kg7 35. h3
g3 {I have spent my last minutes for this decision and it is difficult to say
that I went wrong.} ({Originally I was intended to} 35... h5 36. Kh2 Kh6 37.
Kg3 Kg5 38. hxg4 (38. h4+ $2 Kf6 39. Kf4 Ra8 $19) 38... hxg4 39. Bh7 (39. Be4
Rh8 (39... Rf4 40. Bxf3 Rxf3+ 41. Nxf3+ gxf3 42. Kxf3 Kf5 43. Kg3 Ke5 44. Kg4
Kxd5 45. Kf5 Kxc6 46. f4 $11) 40. Bd3 Rh1 41. Nxf3+ gxf3 42. Kxf3 Ra1 (42...
Re1 43. Be4) 43. Ke3 (43. Ke4 Ra2 44. Ke3 Rb2 $15) 43... Ra2 44. f3 Ra3 $15)
39... Rf4 40. Bg8 Rd4 41. Be6 Rd1 42. Nxf3+ gxf3 43. Kxf3 Kf6 44. Ke4 Re1+ 45.
Kf4 Ra1 46. Kg4 Ke5 47. f4+ Ke4 48. Kg5 Rg1+ 49. Kf6 Kxf4 50. Ke7 Rg7+ 51. Kd8
Ke4 52. Bd7 Kxd5 53. Kxc7 Kc5 54. Kb8 $11) 36. h4 Rf4 $2 (36... gxf2 $142 37.
Nh3 Kf6 38. Nxf2 Ke5 39. Kg1 Kxd5 40. h5 Kxc6 41. Ng4 Kd5 42. Bg6 Rh8 43. Kf2
c5 44. Kxf3 Kd4 $17) 37. fxg3 Rd4 38. Ba6 Rd1 (38... Ra4 39. Nxf3 Rxa6 40. Nd4
$132) 39. Kh2 f2 40. Nf3 $4 (40. Nh3 $1 {was the only move.} f1=Q 41. Bxf1 Rxf1
42. Nf4 Kf6 43. Ne6 Ke5 44. Nxc7 h5 (44... Rb1 45. g4 Rb8 46. Na6 Rc8 47. Nb4
Kd4 48. g5 hxg5 49. hxg5 Kc4 50. Nc2 Kxd5 51. Kg3 Kxc6 52. Kf4 Kd5 53. Ne3+ Ke6
54. g6 Rd8 55. g7 Kf6 56. Nf5 d5 57. Ne3 d4 58. Ng4+ Kxg7 59. Ke4 d3 60. Ne3 d2
61. Nd1 $11) 45. Kg2 Rb1 $17) 40... f1=Q 41. Bxf1 Rxf1 42. Nd4 Rf7 $1 (42...
Kf6 43. Ne6 Ke5 44. Nxc7 Rb1 45. g4 Rb8 46. Na6 (46. Kg3 Rc8) 46... Rc8 47. Nb4
Kd4 48. Kg3 Kc4 49. Nc2 Kxd5 50. Ne3+ Ke4 51. Nf5 Rxc6 52. Nxh6 d5 53. g5 d4
$19 {is more difficult.}) 43. g4 Kf6 44. Nf5 (44. Nf3 Re7 45. Kg3 Re4 46. h5
Rb4 47. g5+ hxg5 48. h6 Rb5 49. h7 Kg7 50. Nxg5 Rxd5 $19) 44... Rh7 $4 {
I played this very fast and very bad.} (44... h5 {was my first intention and
the win was really trivial after this.} 45. Nh6 (45. Kg3 hxg4 46. Kxg4 Ke5 47.
Ng3 Rg7+ 48. Kf3 Kxd5 49. h5 Ke5 $19) 45... Rh7 46. g5+ Ke5 (46... Kg6 $2 47.
Ng8 Rf7 48. Kg3 Rf8 49. Nf6 Ra8 50. Kf3 $11) 47. Ng8 Rf7 48. Nh6 (48. Kg3 Kxd5)
48... Rf8 49. Kg3 Kxd5 $19 {is important since} 50. g6 Rf6 {is the point.}) (
44... Kg6 45. Nd4 (45. Kg3 Rxf5 46. gxf5+ Kxf5 47. Kf3 h5 $1 $19 (47... Ke5 $2
48. Kg4 Kxd5 49. Kh5 Kxc6 50. Kxh6 d5 51. h5 (51. Kg6 $2 d4 52. h5 d3 53. h6 d2
54. h7 d1=Q 55. h8=Q Qg4+ 56. Kf7 Qf5+ 57. Ke7 Qd7+ $19) (51. Kg5 $2 Kd6 $19)
51... d4 52. Kg5 d3 53. h6 d2 54. h7 d1=Q 55. h8=Q $11)) (45. h5+ Kg5 46. Kg3
Rxf5 47. gxf5 Kxf5 48. Kf3 Ke5 49. Kg4 Ke4 $1 $19 (49... Kxd5 $2 50. Kf5 Kxc6
51. Kg6 d5 52. Kxh6 d4 53. Kg5 d3 54. h6 d2 55. h7 d1=Q 56. h8=Q $11))) 45.
Nxh6 $1 $11 {This have turned the tables. Now Black has to be careful to make
a draw against the two connected passed pawns.} Ke5 46. g5 Kxd5 $2 {Comes
another mistake after the shock.} (46... Kf4 $1 47. Kg2 (47. Kh3 Re7 48. Ng4 (
48. g6 $2 Rg7 $19) (48. Kg2 Re2+ 49. Kf1 Kf3 50. g6 (50. Nf5 $2 Rh2 51. Kg1
Rg2+ 52. Kh1 Rg4 53. Kh2 Rf4 $1 54. g6 Rxf5 55. g7 Rf4 56. g8=Q Rxh4+ 57. Kg1
Rg4+ $19) 50... Rg2 51. h5 Rg5 52. Ke1 Ke3 53. Kd1 Kd3 54. Ke1 Ke3 $11) 48...
Re1 49. Nf6 Kf3 50. Kh2 Re2+ 51. Kh3 Re1 $11) 47... Rh8 48. Kf2 (48. h5 $2 Rh7
$1 $19) 48... Ra8 49. g6 Ra2+ 50. Ke1 Ra1+ 51. Ke2 Rg1 52. h5 Kg5 53. Nf7+ Kf6
54. Nd8 Rg5 55. Ne6 Rxd5 56. Nxc7 Rxh5 57. Ne8+ Kxg6 58. Nxd6 $11) 47. Kg3 Ke6
48. Kg4 d5 $4 {I needed my rook on a line to give lateral checks as quick a s
possible.} (48... Rh8 $1 49. Nf5 Ra8 50. g6 (50. Nd4+ $2 Kd5 51. Nf3 (51. h5 $2
Kxd4 52. g6 Ke5 53. Kg5 Ra1 $19) 51... Ke6 52. h5 Ra4+ 53. Kg3 Kf5 54. g6 Kf6
$17) 50... Kf6 51. g7 Ra4+ 52. Kf3 Ra3+ 53. Ke4 Ra4+ 54. Kd3 Ra8 $11) 49. Nf5
Rh8 {Finally I have returned to the real defence.} (49... Rf7 50. g6 $1 Rf8 51.
g7 Rg8 52. h5 Kf6 53. h6 d4 54. Nxd4 Kg6 55. Nf5 $18) 50. h5 Rd8 51. Nd4+ $1
Ke5 52. h6 $1 $18 {This is the only winning move.} (52. Nf3+ $2 Ke6 53. Ne1 d4
54. Nd3 Kf7 55. h6 Rd6 56. Kh5 Kg8 $3 $11) 52... Kxd4 53. g6 Kc5 $3 {Very
tough defence. I need my king on the other side away from the scene of action.}
(53... Ke5 54. Kg5 d4 55. h7 Rh8 (55... d3 56. g7 d2 57. g8=Q Rxg8+ 58. hxg8=Q
d1=Q 59. Qe8+ $18) 56. g7 Rxh7 57. g8=Q $18) 54. h7 Rh8 $1 55. Kg5 (55. g7 $2
Rxh7 56. g8=Q Rh6 57. Kf5 Rxc6 58. Ke5 Rd6 $11) 55... d4 56. g7 Rxh7 57. g8=Q
Rh2 58. Qf8+ Kxc6 59. Qf6+ $2 {He misses the win by this careless check.} (59.
Qf4 $1 Rg2+ (59... Rb2 60. Qc1+) 60. Kf6 Ra2 61. Qe4+ Kc5 62. Qe5+ $18 {
was winning.}) 59... Kb7 60. Qxd4 Ra2 $4 {Hara-kiri! I do not know how to
explain this. I had still 3 minutes on my clock.} (60... Rc2 $8 61. Qe4+ (61.
Qb4+ Kc8 62. Qa4 Rb2 63. Qa8+ Rb8 64. Qa6+ Rb7 $11) 61... Rc6 62. Qd5 Kb6 63.
Kf4 Kb7 $1 {is the easisest since White's king can never cross to b line or to
the 8th rank.} (63... Rd6 64. Qa8 Rd4+ 65. Ke3 Rd6 66. Qb8+ Kc6 67. Qa7 (67.
Qc8 Kb6 68. Ke4 Rd2 $11) 67... Kd7 $11) 64. Ke4 Kb6 65. Ke3 Kb7 66. Kd3 Kb6 67.
Ke4 Kb7 $11) (60... Rg2+ $2 {loses since after} 61. Kf6 Rc2 62. Qe4+ Rc6+ 63.
Ke7 Kb6 64. Qb4+ Ka6 65. Kd7 $1 $18 {White's king crosses behind.}) 61. Qd5+
1-0